Länder mit der besten Umweltqualität - Statistiken

Allgemein
  • Dieses Quiz wurde 55 mal gespielt
  • Das Durchschnittsergebnis liegt bei 16 aus 20
Antwortstatistiken
Index Land % Korrekt
85,1 Finnland
98%
79,9 Norwegen
98%
82,5 Schweden
98%
80,6 Schweiz
98%
78,4 Deutschland
96%
81,3 Island
94%
81,7 Kanada
92%
81,4 Dänemark
90%
78,7 Niederlande
90%
77,8 Frankreich
83%
78,6 Irland
83%
78,7 Luxemburg
83%
80,1 Estland
81%
79,8 Vereinigtes Königreich
81%
77,0 Australien
79%
78,9 Japan
77%
76,4 Litauen
75%
78,1 Andorra
50%
76,8 San Marino
44%
76,6 Monaco
38%
Keine übereinstimmenden Quizze gefunden
Verteilung der Resultate
Anzahl Personen mit jedem Resultat
Perzentil nach korrekt beantworteten Fragen
Ihre Resultats-Entwicklung
Sie haben dieses Quiz noch nicht gespielt